|
|
|
|
| LEADER |
00000ny a22000003n 4500 |
| 005 |
20110609122322.0 |
| 008 |
041215s2005 sp | o||| ||spa |
| 016 |
7 |
|
|a bimoBNE20041132849
|2 SpMaBN
|
| 035 |
|
|
|a 644
|
| 040 |
|
|
|a SpMaBN
|c SpMaBN
|d vLex
|
| 080 |
|
|
|a 336.225.68:351.713(460)
|
| 080 |
|
|
|a 343.359(460)
|
| 090 |
|
|
|c 606
|d 606
|
| 100 |
1 |
|
|a Ruiz Rescalvo, Pilar
|
| 245 |
1 |
3 |
|a La prescripcin̤ tributaria y el delito fiscal
|h [Recurso electrn̤ico]
|c Mara̕ del Pilar Ruiz Rescalvo ; prl̤ogo de Ramn̤ Falcn̤ y Tella
|
| 256 |
|
|
|a Servicio en ln̕ea
|
| 260 |
|
|
|a Madrid :
|b Dykinson,
|c 2005
|
| 300 |
|
|
|a p. ;
|c cm
|
| 506 |
1 |
|
|a Contenido solo disponible en los productos indicados
|d vLex Global
|d vLex Global (Academic Edition, excluding Law Schools)
|d vLex Global (U.S. Academic Edition, Law Schools)
|d vLex Global (U.S. Academic Edition, excluding Law Schools)
|d vLex Global (Academic Edition, Law Schools)
|
| 650 |
0 |
7 |
|a Tributario
|2 Tesauro vLex
|
| 650 |
0 |
7 |
|a Penal
|2 Tesauro vLex
|
| 650 |
0 |
7 |
|a Delito
|2 Tesauro vLex
|
| 650 |
0 |
7 |
|a Delitos
|2 Tesauro vLex
|
| 650 |
0 |
7 |
|a Derecho tributario
|2 Tesauro vLex
|
| 740 |
0 |
|
|a vLex Libros (Servicios en ln̕ea)
|
| 856 |
4 |
0 |
|u http://vlex.com/source/644
|z Acceso restringido
|
| 942 |
|
|
|c BOOK
|
| 999 |
0 |
|
|a Criminal Law
|b Madrid
|